000 00402nam a2200157Ia 4500
008 140626s9999 xx 000 0 und d
100 _aHoop, Honey.
245 _aDirectory /
_cHoney Hoop ... [et al.].
260 _cc.
300 _a : , page 68
440 _aYour Guide to Boracay Philippines
521 _aTOU
650 _aResort directory.
650 _aRestaurant directory.
942 _cSE
999 _c121125
_d121125